|
|
|
|
| LEADER |
00000cam a2200000 a 4500 |
| 001 |
vtls008361908 |
| 003 |
SK-MaSNL |
| 005 |
20260425223559.0 |
| 008 |
230403s1955 xo f nf 000 0 hun |
| 015 |
|
|
|a SNBA19451955-010150
|
| 020 |
|
|
|q (brožované)
|
| 035 |
|
|
|a SK01SNKBKSFS20010054125
|
| 035 |
|
|
|a urn:nbn:sk:snk-am3hyaw
|
| 035 |
|
|
|a 71FA40AB-38B3-4DDF-AB59-FBD62DD47D23
|
| 035 |
|
|
|a urn:nbn:sk:snk-am00ddb8
|
| 035 |
|
|
|a SKM000056588
|
| 040 |
|
|
|a SNK
|b slo
|c SNK
|e AACR2
|
| 041 |
0 |
|
|a hun
|
| 043 |
|
|
|a e-cs---
|
| 044 |
|
|
|a xo
|c SK
|
| 072 |
|
7 |
|a 37
|x Výchova a vzdelávanie
|2 konspekt
|
| 072 |
|
7 |
|a 06
|x Organizácie všeobecnej povahy
|2 konspekt
|
| 080 |
|
|
|a 329
|2 1981
|
| 080 |
|
|
|a 374
|2 1981
|
| 080 |
|
|
|a 32.019.5
|2 2011
|
| 080 |
|
|
|a 37.01/.09
|2 2011
|
| 080 |
|
|
|a 331.105.44‑057.95
|2 2011
|
| 080 |
|
|
|a (437)
|2 2011
|
| 080 |
|
|
|a (073)
|2 2011
|
| 080 |
|
|
|a (035)
|2 2011
|
| 080 |
|
|
|a 331.105.445
|2 2001
|
| 245 |
0 |
0 |
|a A részlegbizalmi munkája
|b az előadások tételei a szakszervezeti aktíva alapoktatásának propagandistái számára - a részlegbizalmiak szemináriuma
|c Az ÚRO dolgozóinak kollektívája
|
| 246 |
3 |
0 |
|a A részlegbizalmi munkája
|
| 250 |
|
|
|a Első kiad.
|
| 260 |
|
|
|a Bratislava
|b Práca
|c 1955
|
| 300 |
|
|
|a 62 strán
|c 21 cm
|
| 366 |
|
|
|e 1400 kusov
|
| 490 |
1 |
|
|a Szakszervezeti tagok könyvtára
|v 9. sz. kötet
|
| 500 |
|
|
|a Obsahuje vzory listín prítomných na základnom školení členov odborového aktívu na strane 60-61
|
| 504 |
|
|
|a Obsahuje bibliografie
|
| 610 |
2 |
7 |
|a Revolučné odborové hnutie
|2 SNKKA
|9 36449
|
| 650 |
0 |
7 |
|a propaganda
|2 SNKPH
|9 3961
|
| 650 |
0 |
7 |
|a vzdelávanie
|2 SNKPH
|9 4033
|
| 650 |
0 |
7 |
|a odborári
|2 SNKPH
|9 29742
|
| 650 |
0 |
7 |
|a odborové zväzy
|2 SNKPH
|9 2327
|
| 651 |
|
7 |
|a Československo
|2 SNKPHgeo
|9 21376
|
| 655 |
|
7 |
|a príručky
|2 SNKPH
|9 74364
|
| 655 |
|
7 |
|a učebné osnovy
|2 SNKPH
|9 60479
|
| 700 |
1 |
|
|a Jurík, Károly
|4 pbd
|9 344425
|
| 700 |
1 |
|
|a Pletrich, Elemér
|4 red
|9 344426
|
| 830 |
|
0 |
|a Szakszervezeti tagok könyvtára
|9 290725
|
| 852 |
|
|
|a Slovenská národná knižnica
|
| 954 |
|
|
|a odborná, vedecká literatúra cudzojazyčná (svetová)
|2 lita
|
| 958 |
|
|
|a RK
|
| 958 |
|
|
|a TL
|
| 958 |
|
|
|a NB
|
| 958 |
|
|
|a SP
|
| 958 |
|
|
|a OND
|
| 958 |
|
|
|a EUIPO
|
| 999 |
|
|
|c 589749
|d 591679
|
| 952 |
|
|
|a SNK
|b SNK
|y PREZ
|7 0
|p 17A0773868
|o snkSC 7047
|i snk8658/55
|0 0
|1 0
|4 0
|d 2019-05-28
|f 1
|l 0
|r 2025-07-04 00:00:00
|w 2026-02-23
|